| 000 | 00784nam a22002057a 4500 | ||
|---|---|---|---|
| 003 | BD-DhUL | ||
| 005 | 20210912153224.0 | ||
| 008 | 210908s2015 bg ||||| |||| 00| 0 ben | ||
| 020 | _a9789849154846 (hbk) | ||
| 040 |
_aBD-DhUL _cBD-DhUL |
||
| 082 |
_a891.441 _bJAO |
||
| 100 | 1 | _aজাহাঙ্গীর, বোরহানউদ্দিন খান | |
| 245 | 0 | 0 |
_aঅন্ধকারের শিল্প / _cবোরহানউদ্দিন খান জাহাঙ্গীর । |
| 260 |
_aঢাকা : _bজার্নিম্যান বুকস, _c২০১৫ । |
||
| 300 |
_a৩৯ পৃ. ; _c১৭ সেমি. |
||
| 365 |
_aBDT _b120.00 |
||
| 650 | 0 | _aবাংলা কবিতা । | |
| 650 | 0 | _aBangali poetry. | |
| 942 |
_2ddc _cBK |
||
| 999 |
_c254402 _d254402 |
||